[Event "CAN op"]
[Site "Hamilton CAN"]
[Date "2022.07.15"]
[Round "6.51"]
[White "Lu, Eddie"]
[Black "Windram, James"]
[Result "1-0"]
[WhiteElo "1739"]
[BlackElo "2124"]
[PlyCount "77"]
[EventDate "2022.07.12"]
[EventType "swiss"]
[EventRounds "9"]
[EventCountry "CAN"]

1. e4 c5 2. Nf3 d6 3. d4 cxd4 4. Nxd4 Nf6 5. Nc3 Nc6 6. Bg5 e6 7. Qd2 a6 8.
O-O-O Bd7 9. f4 b5 10. Bxf6 gxf6 11. f5 b4 12. Nce2 Nxd4 13. Nxd4 e5 14. Ne2
Qb6 15. Kb1 Ke7 16. Ng3 h5 17. Bc4 Qc5 18. Qd5 Qxd5 19. Bxd5 Rb8 20. Nf1 Bh6
21. Nd2 h4 22. Nf3 Bf4 23. Nxh4 Rxh4 24. g3 Bxg3 25. hxg3 Rg4 26. Rh7 Rf8 27.
Rd3 Bb5 28. Re3 Rgg8 29. c3 a5 30. cxb4 axb4 31. Rb3 Bd7 32. Rxb4 Rxg3 33. a3
Rd3 34. Rb7 Rd4 35. Be6 d5 36. Rxd7+ Ke8 37. Ra7 Rxe4 38. Bxf7+ Kd8 39. Bxd5
1-0

[Event "CAN op"]
[Site "Hamilton CAN"]
[Date "2022.07.15"]
[Round "6.52"]
[White "Mutyalapati, Modith Aaroh"]
[Black "Demchenko, Kyrylo"]
[Result "0-1"]
[WhiteElo "1688"]
[BlackElo "2109"]
[PlyCount "88"]
[EventDate "2022.07.12"]
[EventType "swiss"]
[EventRounds "9"]
[EventCountry "CAN"]

1. e4 e5 2. Nf3 Nc6 3. Bb5 a6 4. Bxc6 dxc6 5. Nc3 Bg4 6. h3 Bxf3 7. Qxf3 Qf6 8.
Qg3 Bd6 9. d3 Ne7 10. Bd2 O-O-O 11. O-O-O h6 12. Rhf1 g5 13. Be3 c5 14. f3 Qe6
15. Qf2 b6 16. g4 Ng6 17. Nd5 Kb7 18. Kb1 f6 19. a4 c6 20. Nc3 a5 21. Ne2 h5
22. Ng3 hxg4 23. hxg4 Rd7 24. Rh1 Rdh7 25. Nh5 Ka6 26. Rh3 Qe7 27. Rdh1 b5 28.
axb5+ cxb5 29. R3h2 a4 30. Ng3 Nh4 31. Nf5 Nxf5 32. Rxh7 Rxh7 33. Rxh7 Qxh7 34.
exf5 Kb6 35. Qg2 b4 36. Bg1 Kb5 37. Qh2 Qh4 38. Qxh4 gxh4 39. Bh2 Kc6 40. Ka2
Kd5 41. b3 a3 42. Bg1 Bf8 43. Bf2 h3 44. Bg3 Bh6 0-1

[Event "CAN op"]
[Site "Hamilton CAN"]
[Date "2022.07.15"]
[Round "6.53"]
[White "Maheux, Pierre"]
[Black "Leonard, Anthony"]
[Result "0-1"]
[WhiteElo "1624"]
[BlackElo "2097"]
[PlyCount "66"]
[EventDate "2022.07.12"]
[EventType "swiss"]
[EventRounds "9"]
[EventCountry "CAN"]

1. e4 c5 2. Nf3 Nc6 3. Bb5 g6 4. O-O Bg7 5. Re1 e5 6. Bxc6 dxc6 7. d3 Ne7 8.
Be3 b6 9. Nbd2 Be6 10. Nf1 Qc7 11. Qd2 h6 12. h3 O-O-O 13. Qc3 f5 14. a3 f4 15.
Bd2 g5 16. N1h2 Bf6 17. b4 h5 18. bxc5 g4 19. cxb6 axb6 20. Bxf4 gxf3 21. Nxf3
Ng6 22. Be3 Nh4 23. Nxh4 Bxh4 24. a4 Rhg8 25. Kh2 Rd7 26. a5 b5 27. a6 Kb8 28.
Qc5 Rdg7 29. Rg1 Bc8 30. Bd2 Ka8 31. Ba5 Qd7 32. g4 hxg4 33. Qxe5 g3+ 0-1

[Event "CAN op"]
[Site "Hamilton CAN"]
[Date "2022.07.15"]
[Round "6.54"]
[White "Deshpande, Sarthak"]
[Black "Loadman, Ian"]
[Result "0-1"]
[WhiteElo "1595"]
[BlackElo "2086"]
[PlyCount "56"]
[EventDate "2022.07.12"]
[EventType "swiss"]
[EventRounds "9"]
[EventCountry "CAN"]

1. d4 Nf6 2. c4 g6 3. Nc3 Bg7 4. e4 d6 5. Be2 O-O 6. Be3 e5 7. d5 Na6 8. g4 Nc5
9. f3 c6 10. Qd2 cxd5 11. cxd5 Bd7 12. Bh6 Nfxe4 13. Nxe4 Nxe4 14. fxe4 Qh4+
15. Kf1 Bxh6 16. Qe1 Qxe1+ 17. Kxe1 Rfc8 18. h4 Be3 19. Kf1 Rc2 20. Rb1 Rac8
21. Nh3 Bd4 22. b3 Rxa2 23. h5 Rcc2 24. Bd1 Bb5+ 25. Be2 Rxe2 26. hxg6 Rh2+ 27.
Ke1 Rxh1+ 28. Ng1 Rxg1# 0-1

[Event "CAN op"]
[Site "Hamilton CAN"]
[Date "2022.07.15"]
[Round "6.55"]
[White "Fradkin, Benjamin"]
[Black "Hettigama, Thusitha"]
[Result "1/2-1/2"]
[WhiteElo "2076"]
[BlackElo "1711"]
[PlyCount "98"]
[EventDate "2022.07.12"]
[EventType "swiss"]
[EventRounds "9"]
[EventCountry "CAN"]

1. d4 Nf6 2. c4 g6 3. Nf3 Bg7 4. Nc3 O-O 5. e4 d6 6. h3 Nbd7 7. Be2 e5 8. dxe5
dxe5 9. Be3 c6 10. O-O Qe7 11. Qc2 Kh8 12. a3 Ng8 13. Nh2 f5 14. exf5 gxf5 15.
f4 Bh6 16. Qd2 Nc5 17. Rad1 Ne6 18. g3 Qg7 19. Kh1 Rd8 20. Qc1 Nd4 21. Rg1 b6
22. fxe5 Qxe5 23. Bf4 Qe6 24. Bf1 Bb7 25. Re1 c5+ 26. Nd5 Qg6 27. Bg2 Bg7 28.
Re7 Nxe7 29. Nxe7 Bxg2+ 30. Rxg2 Qf7 31. Nd5 Re8 32. Nc7 Ne2 33. Qf1 Nxf4 34.
Nxe8 Nxg2 35. Nxg7 Qxg7 36. Qxg2 Rd8 37. Nf3 Rd1+ 38. Ng1 Qd7 39. h4 Rd2 40.
Qf3 Rd3 41. Qe2 Kg8 42. Nf3 Rd1+ 43. Kh2 Kf8 44. Qe5 Kg8 45. h5 Qf7 46. Qb8+
Kg7 47. Qe5+ Kg8 48. Qb8+ Kg7 49. Qe5+ Kg8 1/2-1/2

[Event "CAN op"]
[Site "Hamilton CAN"]
[Date "2022.07.15"]
[Round "6.56"]
[White "Xu, Ryan"]
[Black "Egorov, Mikhail"]
[Result "0-1"]
[WhiteElo "1565"]
[BlackElo "2055"]
[PlyCount "90"]
[EventDate "2022.07.12"]
[EventType "swiss"]
[EventRounds "9"]
[EventCountry "CAN"]

1. d4 f5 2. Nc3 Nf6 3. Bg5 e6 4. e3 Bb4 5. Nf3 b6 6. g3 Bb7 7. Bg2 O-O 8. O-O
Bxc3 9. bxc3 h6 10. Bxf6 Qxf6 11. Ne5 Be4 12. f3 Bb7 13. f4 Be4 14. Bxe4 fxe4
15. c4 d6 16. Ng4 Qg6 17. d5 Nd7 18. Nf2 Nc5 19. Qg4 Qf6 20. dxe6 Rae8 21. Qh5
Qxe6 22. Qd5 Rf5 23. Qxe6+ Rxe6 24. Rad1 Nd7 25. Rd5 Rf8 26. Rfd1 Nc5 27. Rf1
Nb7 28. Rd4 Na5 29. Rfd1 Rfe8 30. Ng4 Nc6 31. R4d2 Rg6 32. Nf2 Rf6 33. Ng4 Rf5
34. Rd5 Rf7 35. Nf2 Nb4 36. R5d2 Rf5 37. a3 Nc6 38. Rd5 Rf7 39. g4 Rfe7 40. Kg2
Na5 41. Re1 Nxc4 42. a4 c6 43. Rd4 d5 44. f5 a6 45. Nh3 Ne5 0-1

[Event "CAN op"]
[Site "Hamilton CAN"]
[Date "2022.07.15"]
[Round "6.57"]
[White "Berengolts, Isaac"]
[Black "Locham, Divjot"]
[Result "1/2-1/2"]
[WhiteElo "2042"]
[BlackElo "1751"]
[PlyCount "48"]
[EventDate "2022.07.12"]
[EventType "swiss"]
[EventRounds "9"]
[EventCountry "CAN"]

1. e4 e5 2. Nf3 Nc6 3. Bc4 Bc5 4. c3 Nf6 5. d4 exd4 6. cxd4 Bb4+ 7. Bd2 Bxd2+
8. Nbxd2 d5 9. exd5 Nxd5 10. O-O O-O 11. Rc1 Bg4 12. h3 Bh5 13. Bxd5 Qxd5 14.
Rc5 Bxf3 15. Nxf3 Qd6 16. Qc2 Rad8 17. a3 Nxd4 18. Nxd4 Qxd4 19. Rxc7 Rd7 20.
Rxd7 Qxd7 21. Rd1 Qb5 22. Rd4 h6 23. Rb4 Qd7 24. Qe4 b6 1/2-1/2

[Event "CAN op"]
[Site "Hamilton CAN"]
[Date "2022.07.15"]
[Round "6.58"]
[White "Cloete, Jack"]
[Black "Liu, Henry"]
[Result "0-1"]
[WhiteElo "1525"]
[BlackElo "2041"]
[PlyCount "118"]
[EventDate "2022.07.12"]
[EventType "swiss"]
[EventRounds "9"]
[EventCountry "CAN"]

1. d4 d5 2. c4 e6 3. Nf3 Nf6 4. Nc3 c6 5. e3 Nbd7 6. Bd3 dxc4 7. Bxc4 b5 8. Be2
Bb7 9. O-O a6 10. a3 c5 11. dxc5 Bxc5 12. b4 Be7 13. Bb2 O-O 14. Rc1 Rc8 15.
Qd2 Qb6 16. Rfd1 Rfd8 17. Qd4 Qxd4 18. Rxd4 Nb6 19. Rcd1 Rxd4 20. Rxd4 Nfd5 21.
Nxd5 Nxd5 22. Rd2 Bf6 23. Bxf6 gxf6 24. Kf1 Kf8 25. Ke1 Ke7 26. Nd4 Nc3 27. Bf3
Bxf3 28. gxf3 Nb1 29. Rc2 Rxc2 30. Nxc2 Kd6 31. Ke2 f5 32. Kd3 e5 33. e4 f4 34.
Ke2 Kc6 35. Kd3 h6 36. Ke2 f6 37. Kd3 Kc7 38. Ke2 Kb6 39. Kd3 Kc6 40. Ke2 Nc3+
41. Kd3 Nd1 42. Ke2 Nb2 43. Kf1 Nc4 44. Ke2 Kb6 45. Kd3 Kc6 46. Ke2 Kd6 47. Kd3
Ke7 48. Ke2 Kf7 49. Kf1 Kg6 50. Kg2 Kg5 51. Kh3 f5 52. Kg2 Nd2 53. Ne1 fxe4 54.
fxe4 Nxe4 55. Nd3 Kf5 56. Nc5 Nxc5 57. bxc5 e4 58. c6 Ke6 59. Kh3 h5 0-1

[Event "CAN op"]
[Site "Hamilton CAN"]
[Date "2022.07.15"]
[Round "6.59"]
[White "Dickson, Raymond"]
[Black "Drkulec, Vladimir"]
[Result "0-1"]
[WhiteElo "1511"]
[BlackElo "2020"]
[PlyCount "86"]
[EventDate "2022.07.12"]
[EventType "swiss"]
[EventRounds "9"]
[EventCountry "CAN"]

1. d4 d5 2. e3 Nf6 3. f4 Bf5 4. Bd3 g6 5. Nf3 c5 6. c3 Bxd3 7. Qxd3 c4 8. Qe2
Ne4 9. Nbd2 f5 10. Ne5 Nd7 11. Ndf3 Bg7 12. Nxd7 Qxd7 13. Ne5 Bxe5 14. dxe5 O-O
15. Bd2 Qa4 16. Qd1 Qb5 17. Qc2 g5 18. O-O gxf4 19. exf4 Qc5+ 20. Kh1 Nf2+ 21.
Rxf2 Qxf2 22. Re1 e6 23. Qd1 Qb6 24. Re3 Rf7 25. Bc1 Rg7 26. Qd4 Qb5 27. Re2 b6
28. Be3 Qa4 29. b3 Qa6 30. b4 Qa4 31. Qd2 Qe8 32. Bf2 Qh5 33. Re3 Rg4 34. Rh3
Qg6 35. Bh4 Kf7 36. Bg5 h5 37. Rf3 Rg8 38. h3 Rxg5 39. fxg5 Qxg5 40. Qxg5 Rxg5
41. Rf4 Rg3 42. Rf3 Rxf3 43. gxf3 d4 0-1

[Event "CAN op"]
[Site "Hamilton CAN"]
[Date "2022.07.15"]
[Round "6.60"]
[White "Jiang, Kate"]
[Black "Gaisinsky, Jacob"]
[Result "1/2-1/2"]
[WhiteElo "1982"]
[BlackElo "1568"]
[PlyCount "89"]
[EventDate "2022.07.12"]
[EventType "swiss"]
[EventRounds "9"]
[EventCountry "CAN"]

1. e4 e5 2. Nf3 Nc6 3. Bb5 a6 4. Ba4 Nf6 5. O-O b5 6. Bb3 Bc5 7. Re1 d6 8. c3
Bb6 9. h3 O-O 10. d3 h6 11. Nbd2 Ne7 12. Nf1 Re8 13. Ng3 Ng6 14. Be3 c6 15.
Bxb6 Qxb6 16. Nh2 Nf4 17. Ng4 Nxg4 18. hxg4 g6 19. Qf3 Kg7 20. Nf1 Ra7 21. g3
Ne6 22. Kg2 Ng5 23. Qe2 Be6 24. Bxe6 Rxe6 25. f4 Nh7 26. Ne3 Nf6 27. Rh1 Re8
28. Rh2 Rh8 29. Rah1 Raa8 30. Qf3 Raf8 31. Kf1 Qd8 32. Rh3 Qc8 33. R1h2 h5 34.
f5 hxg4 35. Nxg4 Rxh3 36. Rxh3 Rh8 37. Rxh8 Qxh8 38. Nxf6 Qh3+ 39. Kg1 Kxf6 40.
fxg6+ Kxg6 41. b3 Qh5 42. g4 Qg5 43. Qd1 Qe3+ 44. Kg2 Kg5 45. c4 1/2-1/2

[Event "CAN op"]
[Site "Hamilton CAN"]
[Date "2022.07.15"]
[Round "6.61"]
[White "Zhong, Ryan Yunhui"]
[Black "Hasku, Dashnor"]
[Result "0-1"]
[WhiteElo "1480"]
[BlackElo "1963"]
[PlyCount "88"]
[EventDate "2022.07.12"]
[EventType "swiss"]
[EventRounds "9"]
[EventCountry "CAN"]

1. d4 c5 2. d5 d6 3. c4 e5 4. e4 f5 5. Nc3 Nf6 6. Bd3 f4 7. Qc2 Be7 8. Bd2 Bg4
9. f3 Bh5 10. O-O-O Qd7 11. Nh3 Na6 12. Ng5 Nb4 13. Qb1 Nfxd5 14. Nxd5 Nxd3+
15. Qxd3 Bxg5 16. g4 Bf7 17. h4 Be7 18. Nxe7 Kxe7 19. Bc3 Rhd8 20. Rh2 b5 21.
cxb5 c4 22. Qc2 Qxb5 23. Rhd2 a5 24. a3 Qc5 25. Kb1 Rab8 26. Qa4 Rb5 27. Ka2
Be8 28. Qc2 Qe3 29. a4 Rc5 30. Rd5 Bf7 31. Re1 Qxf3 32. Rxc5 dxc5 33. Bxa5 Qb3+
34. Kb1 Ra8 35. Bc3 Qb8 36. Rd1 Ra6 37. Qf2 Qc7 38. a5 Bg6 39. Qe2 Rd6 40. Rxd6
Qxd6 41. Qxc4 Qd1+ 42. Ka2 Bf7 43. Qxf7+ Kxf7 44. Ka3 f3 0-1

[Event "CAN op"]
[Site "Hamilton CAN"]
[Date "2022.07.15"]
[Round "6.62"]
[White "Yuen, Noah Nathaniel"]
[Black "Faizy, Mohammed"]
[Result "1-0"]
[WhiteElo "1954"]
[BlackElo "1503"]
[PlyCount "47"]
[EventDate "2022.07.12"]
[EventType "swiss"]
[EventRounds "9"]
[EventCountry "CAN"]

1. d4 Nf6 2. c4 e6 3. Nf3 d5 4. Nc3 dxc4 5. e3 Bb4 6. Bxc4 O-O 7. O-O b6 8. Qe2
Bb7 9. a3 Bxc3 10. bxc3 Ne4 11. Bb2 Nd7 12. Ne1 c5 13. f3 Nd6 14. Bd3 e5 15. e4
cxd4 16. cxd4 exd4 17. Bxd4 Nc5 18. Bxc5 bxc5 19. Rb1 Rb8 20. Nc2 Re8 21. Rfd1
Qc7 22. Ne3 Nc8 23. Bb5 Re6 24. Rd7 1-0

[Event "CAN op"]
[Site "Hamilton CAN"]
[Date "2022.07.15"]
[Round "6.64"]
[White "Latreille, Etienne"]
[Black "Chen, Sam"]
[Result "1-0"]
[WhiteElo "1888"]
[BlackElo "1299"]
[PlyCount "85"]
[EventDate "2022.07.12"]
[EventType "swiss"]
[EventRounds "9"]
[EventCountry "CAN"]

1. e4 e5 2. Nf3 Nc6 3. Bc4 Nf6 4. d3 Bc5 5. c3 d6 6. a4 a6 7. O-O O-O 8. Re1
Bg4 9. Nbd2 d5 10. exd5 Nxd5 11. h3 Bh5 12. Ne4 Ba7 13. Ng3 Bxf3 14. Qxf3 Nde7
15. Bg5 h6 16. Be3 Qd6 17. Bxa7 Nxa7 18. Qxb7 Rfb8 19. Qf3 Qf6 20. Qxf6 gxf6
21. b4 Nac8 22. Ne4 Nd6 23. Nxf6+ Kg7 24. Nd7 Rd8 25. Nxe5 Nxc4 26. dxc4 Ng6
27. Nxg6 Kxg6 28. Rad1 Kf6 29. f3 Rd6 30. Rxd6+ cxd6 31. Rd1 Rd8 32. Kf2 Ke7
33. Ke3 Rg8 34. g4 Rc8 35. Rd4 Ke6 36. Re4+ Kf6 37. h4 d5 38. Rf4+ Ke6 39. c5
a5 40. Kd4 Rc6 41. b5 Rc7 42. Rf5 Rd7 43. Rh5 1-0

[Event "CAN op"]
[Site "Hamilton CAN"]
[Date "2022.07.15"]
[Round "6.65"]
[White "Xu, Hannah"]
[Black "Yang, Henry"]
[Result "0-1"]
[WhiteElo "1295"]
[BlackElo "1863"]
[PlyCount "120"]
[EventDate "2022.07.12"]
[EventType "swiss"]
[EventRounds "9"]
[EventCountry "CAN"]

1. d4 d5 2. Bf4 Nf6 3. e3 Bf5 4. Nf3 e6 5. Bd3 c6 6. Bxf5 exf5 7. c3 Nbd7 8.
Nbd2 Be7 9. Qc2 Ne4 10. Nxe4 fxe4 11. Ne5 g5 12. Bg3 h5 13. h3 h4 14. Bh2 Nxe5
15. Bxe5 f6 16. Bh2 Bd6 17. Bxd6 Qxd6 18. c4 Kd7 19. c5 Qe6 20. b4 f5 21. Rb1
f4 22. Qe2 fxe3 23. Qxe3 a6 24. a4 Qf5 25. Rb2 Qf4 26. Rf1 Rhf8 27. Re2 Rf7 28.
Qxf4 gxf4 29. f3 e3 30. a5 Rg8 31. Rg1 Rfg7 32. Kf1 Rg3 33. Ra2 Ke6 34. Re2 Kf6
35. Ra2 R3g7 36. Re2 Kf7 37. Rh1 Ke6 38. Rg1 Kd7 39. Rc2 Kc7 40. Re2 Rg6 41.
Rc2 Re6 42. Re2 Rge8 43. Rh1 Rg6 44. Rg1 Kd7 45. Rh1 Rg3 46. Rg1 Re7 47. Ra2
Ke6 48. Re2 Kf5 49. Rh1 Kg6 50. Rg1 Kf5 51. Rh1 Re4 52. fxe4+ Kxe4 53. Ke1 Kxd4
54. Rf1 Ke4 55. Rc2 d4 56. Rc4 Rxg2 57. Rxd4+ Kxd4 58. Rxf4+ Kd3 59. Rf1 Rb2
60. Rf3 Rb1# 0-1

[Event "CAN op"]
[Site "Hamilton CAN"]
[Date "2022.07.15"]
[Round "6.69"]
[White "Xu, Eddie"]
[Black "Gutierrez, Matias"]
[Result "1-0"]
[WhiteElo "2088"]
[BlackElo "1477"]
[PlyCount "62"]
[EventDate "2022.07.12"]
[EventType "swiss"]
[EventRounds "9"]
[EventCountry "CAN"]

1. d4 Nf6 2. c4 g6 3. f3 d5 4. cxd5 Nxd5 5. e4 Nf6 6. Bc4 Bg7 7. Ne2 O-O 8. Be3
c5 9. Nbc3 cxd4 10. Nxd4 Qc7 11. Qe2 a6 12. O-O e6 13. Rac1 Nc6 14. Nxc6 Qxc6
15. Bb3 Qe8 16. Bc5 Bd7 17. f4 Rc8 18. Bxf8 Bxf8 19. e5 Bc5+ 20. Kh1 Nh5 21.
Ne4 Ba7 22. g4 Rxc1 23. Rxc1 Nxf4 24. Qf3 Bc6 25. Qxf4 Qd8 26. Rf1 Kh8 27. Bd1
g5 28. Qxf7 Bxe4+ 29. Bf3 Bg6 30. Qxe6 Qd3 31. Bg2 Bc5 1-0

[Event "CAN op"]
[Site "Hamilton CAN"]
[Date "2022.07.15"]
[Round "6.70"]
[White "Richard, Leo"]
[Black "Zabor, Josh"]
[Result "1-0"]
[WhiteElo "2014"]
[BlackElo "1467"]
[PlyCount "87"]
[EventDate "2022.07.12"]
[EventType "swiss"]
[EventRounds "9"]
[EventCountry "CAN"]

1. e4 e5 2. Nf3 Nc6 3. Bc4 Be7 4. O-O Nf6 5. Re1 O-O 6. c3 Nxe4 7. Bd5 Nf6 8.
Bxc6 dxc6 9. Nxe5 Bd6 10. d4 Re8 11. Bf4 Nd7 12. Nd2 Nxe5 13. dxe5 Bf8 14. Qf3
Bf5 15. Qg3 Re6 16. Nc4 Rg6 17. Qf3 Qd5 18. Qxd5 cxd5 19. Ne3 Be4 20. Bg3 c6
21. Rad1 Re6 22. f3 Bg6 23. c4 Bb4 24. cxd5 Bxe1 25. dxe6 Bxg3 26. hxg3 fxe6
27. Rd7 b5 28. Rd6 Rc8 29. Rxe6 Kf7 30. Rd6 Ke7 31. f4 Be4 32. g4 Rd8 33. Rxd8
Kxd8 34. Kf2 a5 35. f5 a4 36. Kg3 Ke7 37. Kf4 Bb1 38. a3 Ba2 39. g5 Kf7 40. e6+
Ke7 41. Ke5 c5 42. f6+ gxf6+ 43. gxf6+ Ke8 44. f7+ 1-0

[Event "CAN op"]
[Site "Hamilton CAN"]
[Date "2022.07.15"]
[Round "6.71"]
[White "Mok, Erwin"]
[Black "Wang, Derek"]
[Result "0-1"]
[WhiteElo "1468"]
[BlackElo "1934"]
[PlyCount "58"]
[EventDate "2022.07.12"]
[EventType "swiss"]
[EventRounds "9"]
[EventCountry "CAN"]

1. d4 d5 2. c4 c6 3. cxd5 cxd5 4. Bf4 Nf6 5. e3 e6 6. Nc3 Bd6 7. Bxd6 Qxd6 8.
Bd3 O-O 9. f4 Nc6 10. Nf3 Bd7 11. O-O Ng4 12. Qe1 f5 13. h3 Nf6 14. Ne5 Rac8
15. g4 Ne4 16. Nb5 Qe7 17. Rc1 Nb4 18. Nc3 Nxc3 19. bxc3 Nxd3 20. Nxd3 Bb5 21.
Rd1 Qa3 22. gxf5 Rxc3 23. fxe6 Bxd3 24. Rf2 Be4 25. e7 Re8 26. Qe2 Rxe3 27. Qb5
Rxe7 28. Qc5 Rg3+ 29. Kf1 Bd3+ 0-1

[Event "CAN op"]
[Site "Hamilton CAN"]
[Date "2022.07.15"]
[Round "6.72"]
[White "Pickard, Ryan"]
[Black "Chen, Vincent"]
[Result "1/2-1/2"]
[WhiteElo "1920"]
[BlackElo "1445"]
[PlyCount "85"]
[EventDate "2022.07.12"]
[EventType "swiss"]
[EventRounds "9"]
[EventCountry "CAN"]

1. e4 c6 2. Nc3 d5 3. Nf3 dxe4 4. Nxe4 Nf6 5. Qe2 Bf5 6. Nxf6+ gxf6 7. d4 Nd7
8. Bf4 Qb6 9. c3 O-O-O 10. g3 Bg7 11. Bg2 e5 12. dxe5 Nxe5 13. Nxe5 fxe5 14.
Be3 Qa5 15. Qf3 e4 16. Qf4 Bxc3+ 17. bxc3 Qxc3+ 18. Ke2 Qb2+ 19. Bd2 Rxd2+ 20.
Qxd2 Bg4+ 21. Ke3 Qa3+ 22. Kf4 Qa4 23. Qe3 Qa5 24. Bxe4 f5 25. Qd4 Rd8 26. Qb2
fxe4 27. Kxg4 h5+ 28. Kh4 Qf5 29. Qg7 Rd7 30. Qg8+ Rd8 31. Qg5 Qxf2 32. Raf1
Qb2 33. Qf5+ Kb8 34. Qf4+ Kc8 35. Qf5+ Kb8 36. Qf6 Qb6 37. Qe5+ Ka8 38. Rd1 Rg8
39. Qf6 e3 40. Qe7 Qa5 41. Qxe3 Qf5 42. Rd8+ Rxd8 43. Qf4 1/2-1/2

[Event "CAN op"]
[Site "Hamilton CAN"]
[Date "2022.07.15"]
[Round "6.73"]
[White "Lin, Yu-Liang"]
[Black "Finlay, Ian"]
[Result "1-0"]
[WhiteElo "1425"]
[BlackElo "1914"]
[PlyCount "81"]
[EventDate "2022.07.12"]
[EventType "swiss"]
[EventRounds "9"]
[EventCountry "CAN"]

1. c4 f5 2. d4 g6 3. Nc3 Nf6 4. Nf3 Bg7 5. e3 d6 6. Be2 O-O 7. O-O a5 8. Bd2 c6
9. Qc2 Na6 10. a3 Qe8 11. Rad1 Nc7 12. Na4 Ne4 13. Nb6 Nxd2 14. Rxd2 Rb8 15.
Rfd1 Qf7 16. d5 c5 17. Bd3 f4 18. e4 Bg4 19. Kh1 Bxf3 20. gxf3 Qe8 21. Rg1 Qd8
22. e5 dxe5 23. Bxg6 hxg6 24. Qxg6 Ne8 25. Qe6+ Rf7 26. Nd7 Nc7 27. Qg4 Qc8 28.
Nxb8 Qxb8 29. d6 exd6 30. Rxd6 Ne8 31. Rg6 Qc7 32. Qe6 Qe7 33. Qd5 Kf8 34. Re6
Qc7 35. Rd1 Re7 36. Rg6 Nf6 37. Qd3 Rd7 38. Rxf6+ Bxf6 39. Qxd7 Qxd7 40. Rxd7
b6 41. Rd6 1-0

[Event "CAN op"]
[Site "Hamilton CAN"]
[Date "2022.07.15"]
[Round "6.74"]
[White "He, Emma"]
[Black "Mullur, Neerav"]
[Result "1-0"]
[WhiteElo "1903"]
[BlackElo "1459"]
[PlyCount "145"]
[EventDate "2022.07.12"]
[EventType "swiss"]
[EventRounds "9"]
[EventCountry "CAN"]

1. e4 e5 2. Nf3 Nc6 3. Bc4 Nf6 4. d3 Bc5 5. c3 O-O 6. Nbd2 d5 7. exd5 Nxd5 8.
O-O Bg4 9. h3 Bh5 10. Ne4 Be7 11. Ng3 Bg6 12. Re1 Nb6 13. Bb5 Bf6 14. Ne4 Bxe4
15. Rxe4 Re8 16. Qe2 a6 17. Bxc6 bxc6 18. Bd2 Nd7 19. b4 c5 20. Re1 h6 21. d4
cxb4 22. cxb4 Re6 23. dxe5 Nxe5 24. Nxe5 Rxe5 25. Rxe5 Bxe5 26. Bxh6 Bc3 27.
Rd1 Qe8 28. Qc4 Be5 29. Bf4 Bxf4 30. Qxf4 Qe2 31. Qd2 Qxd2 32. Rxd2 Kf8 33. Rd7
Rc8 34. Rd5 Rb8 35. a3 Ke7 36. Kf1 g6 37. Ke2 Ke6 38. Ra5 Rb6 39. Rc5 Kd7 40.
Ke3 Re6+ 41. Kf4 Rf6+ 42. Ke3 Re6+ 43. Kd3 Rd6+ 44. Ke4 Re6+ 45. Re5 Rc6 46.
Rd5+ Kc8 47. f4 Rc2 48. g4 Rc3 49. Rd3 Rc6 50. f5 g5 51. Kf3 Rc1 52. Kg3 Rg1+
53. Kf2 Rh1 54. Kg2 Rc1 55. Kf3 Re1 56. Re3 Ra1 57. Ke4 f6 58. Rd3 Re1+ 59. Kd4
Re7 60. Re3 Rd7+ 61. Kc4 Rh7 62. a4 Kb7 63. Kd5 Rh8 64. a5 Rd8+ 65. Kc5 Rd1 66.
Re6 Rc1+ 67. Kd4 Rd1+ 68. Kc3 Rc1+ 69. Kb2 Rc6 70. Kb3 Rxe6 71. fxe6 Kc6 72.
Kc4 Kd6 73. b5 1-0

[Event "CAN op"]
[Site "Hamilton CAN"]
[Date "2022.07.15"]
[Round "6.75"]
[White "Xie, Irene"]
[Black "Baylon, Glenda"]
[Result "1/2-1/2"]
[WhiteElo "1455"]
[BlackElo "1899"]
[PlyCount "75"]
[EventDate "2022.07.12"]
[EventType "swiss"]
[EventRounds "9"]
[EventCountry "CAN"]

1. e4 c5 2. Nf3 Nc6 3. Bb5 a6 4. Bxc6 bxc6 5. O-O Nf6 6. d3 g6 7. b3 Bg7 8. Bb2
O-O 9. Nbd2 d5 10. Rb1 Bg4 11. Re1 Nd7 12. Bxg7 Kxg7 13. h3 Bxf3 14. Nxf3 d4
15. Nd2 Qc7 16. Nc4 Ne5 17. Nxe5 Qxe5 18. Rf1 f5 19. f4 Qc7 20. e5 e6 21. h4
Qe7 22. g3 h6 23. Kf2 g5 24. hxg5 hxg5 25. Rh1 Rh8 26. Qf3 Qd7 27. Rxh8 Rxh8
28. Rh1 g4 29. Qg2 Qd5 30. Rxh8 Qxg2+ 31. Kxg2 Kxh8 32. Kf2 Kg7 33. Ke2 Kf7 34.
Kd2 Ke7 35. c4 Kd7 36. Kc2 Kc7 37. a3 a5 38. a4 1/2-1/2

[Event "CAN op"]
[Site "Hamilton CAN"]
[Date "2022.07.15"]
[Round "6.76"]
[White "Zhong, April Yunwei"]
[Black "Wu, Jonathan"]
[Result "1/2-1/2"]
[WhiteElo "1452"]
[BlackElo "1891"]
[PlyCount "69"]
[EventDate "2022.07.12"]
[EventType "swiss"]
[EventRounds "9"]
[EventCountry "CAN"]

1. d4 Nf6 2. c4 g6 3. Nc3 d5 4. cxd5 Nxd5 5. e4 Nxc3 6. bxc3 Bg7 7. Nf3 c5 8.
Rb1 O-O 9. Be2 Qa5 10. Rb5 Qxa2 11. Rxc5 Nd7 12. Rb5 a6 13. Rb2 Qa5 14. Bd2 Qc7
15. c4 e5 16. Bb4 Re8 17. d5 Nf6 18. Nd2 Bd7 19. c5 Bb5 20. Bxb5 axb5 21. O-O
Nd7 22. Qe2 Nxc5 23. Rc1 b6 24. Nb3 Bh6 25. Bd2 Bf8 26. Be3 Qa7 27. Nxc5 bxc5
28. Rxb5 Qa3 29. Qc2 Rec8 30. h3 c4 31. Rbb1 Bb4 32. Ra1 Qxa1 33. Rxa1 Rxa1+
34. Kh2 Ra3 35. Qb2 1/2-1/2

[Event "CAN op"]
[Site "Hamilton CAN"]
[Date "2022.07.15"]
[Round "6.77"]
[White "Cater, Brendan"]
[Black "Qian, Ashley"]
[Result "1/2-1/2"]
[WhiteElo "1860"]
[BlackElo "1413"]
[PlyCount "141"]
[EventDate "2022.07.12"]
[EventType "swiss"]
[EventRounds "9"]
[EventCountry "CAN"]

1. e4 c5 2. d4 cxd4 3. c3 dxc3 4. Nxc3 Nc6 5. Bc4 d6 6. Be3 a6 7. Nge2 Nf6 8.
f3 e6 9. Rc1 Be7 10. O-O O-O 11. Nf4 Ne5 12. Bb3 Bd7 13. Qe2 Rc8 14. Rfd1 h6
15. Na4 Rxc1 16. Rxc1 Bxa4 17. Bxa4 b5 18. Bb3 Qd7 19. Qc2 a5 20. a3 a4 21. Ba2
Rb8 22. Bd2 Bd8 23. Bb4 Bb6+ 24. Kf1 Be3 25. Bd2 Bxd2 26. Qxd2 Rc8 27. Ne2
Rxc1+ 28. Qxc1 d5 29. exd5 Nxd5 30. Qc5 Nd3 31. Qd4 Nf6 32. Qxd7 Nxd7 33. Nc3
N7c5 34. Nxb5 Nxb2 35. Nc3 Nbd3 36. Bc4 Ne5 37. Bb5 g5 38. Nxa4 Nxa4 39. Bxa4
Nc4 40. Bb5 Nxa3 41. Bd3 Kf8 42. Ke2 Ke7 43. Ke3 f5 44. Kd4 Kd6 45. g3 f4 46.
gxf4 gxf4 47. h4 h5 48. Ke4 e5 49. Kf5 Kd5 50. Kg5 Kd4 51. Bg6 Ke3 52. Bxh5 Nc4
53. Bg4 Nd2 54. h5 Nxf3+ 55. Bxf3 Kxf3 56. h6 Kg2 57. h7 f3 58. h8=Q f2 59.
Qa8+ Kg1 60. Qa7 Kg2 61. Qb7+ Kg1 62. Qb6 Kg2 63. Qc6+ Kg1 64. Qc5 Kg2 65. Qd5+
Kg1 66. Qc5 Kg2 67. Kg4 f1=Q 68. Qd5+ Kg1 69. Qxe5 Qg2+ 70. Qg3 Qxg3+ 71. Kxg3
1/2-1/2

[Event "CAN op"]
[Site "Hamilton CAN"]
[Date "2022.07.15"]
[Round "6.78"]
[White "Stajov, George"]
[Black "Jiang, Hancy"]
[Result "0-1"]
[WhiteElo "1345"]
[BlackElo "1855"]
[PlyCount "104"]
[EventDate "2022.07.12"]
[EventType "swiss"]
[EventRounds "9"]
[EventCountry "CAN"]

1. d4 Nf6 2. c4 g6 3. Nc3 Bg7 4. Nf3 d6 5. e4 O-O 6. Be2 Nbd7 7. O-O e5 8. d5
Ne8 9. Qc2 f5 10. exf5 gxf5 11. Ng5 Nb6 12. f4 e4 13. Ne6 Bxe6 14. dxe6 Qf6 15.
Nd5 Qxe6 16. Ne3 Bd4 17. Rb1 a5 18. b3 Kh8 19. Bb2 Qf6 20. Bxd4 Qxd4 21. Qb2
Qxb2 22. Rxb2 Ng7 23. Rc1 Ne6 24. g3 Kg7 25. Nd5 Nd7 26. Ne3 Nd4 27. Kf2 Nxe2
28. Kxe2 Nc5 29. Rd2 Nd3 30. Rg1 Rf7 31. Nd1 a4 32. Ke3 axb3 33. axb3 Kf6 34.
Nf2 Ra3 35. Nxd3 Rxb3 36. Ke2 exd3+ 37. Rxd3 Re7+ 38. Kd2 Rb2+ 39. Kc3 Rxh2 40.
Kb4 Re4 41. Kc3 Ra2 42. Kb3 Rae2 43. Kb4 Rc2 44. Rc3 Rxc3 45. Kxc3 Re7 46. Kd3
Ke6 47. Re1+ Kd7 48. Rxe7+ Kxe7 49. Kd4 Ke6 50. Kd3 b6 51. Kd4 c5+ 52. Kd3 d5
0-1

[Event "CAN op"]
[Site "Hamilton CAN"]
[Date "2022.07.15"]
[Round "6.79"]
[White "Kaye, Olya"]
[Black "Chepelev, Ivan"]
[Result "1-0"]
[WhiteElo "1854"]
[BlackElo "1377"]
[PlyCount "42"]
[EventDate "2022.07.12"]
[EventType "swiss"]
[EventRounds "9"]
[EventCountry "CAN"]

1. c4 c5 2. g3 e6 3. Nf3 Nf6 4. b3 d5 5. cxd5 exd5 6. d4 Qa5+ 7. Bd2 Qb6 8.
dxc5 Bxc5 9. e3 Nc6 10. Nc3 O-O 11. Na4 Qc7 12. Nxc5 d4 13. Nxd4 Nxd4 14. exd4
Re8+ 15. Be3 b6 16. Bg2 Rxe3+ 17. fxe3 Bg4 18. Qd2 Re8 19. Nd3 Rxe3+ 20. Qxe3
Qc3+ 21. Kf2 Qc2+ 1-0